00781nam a22002537a 450000100060000000300080000600500170001400800410003102000280007203500230010004000380012304100080016106000200016908200160018924500900020525000120029526000360030730000480034350400510039165000180044265000270046065000180048770000220050536845BD-RjUL20211209052541.0140916s2002 nyua b 001 0 eng d a0471411361 (alk. paper) a(OCoLC)ocm48802226 aWVFcWVFdCOUdUKMdDLCdDLCbeng aeng 4aQU 4bT355 200200a612.01522100aTextbook of biochemistry :bwith clinical correlations /cedited by Thomas M. Devlin. a5th ed. aNew York :bWiley-Liss,cc2002. axxiv, 1216 p. :bill. (some col.) ;c29 cm. aIncludes bibliographical references and index. 0aBiochemistry. 0aClinical biochemistry.12aBiochemistry.1 aDevlin, Thomas M.